El-Deir nécropoles /

محفوظ في:

المؤلف الرئيسي: Dunand, Françoise (مؤلف)

مؤلفون آخرون: Heim, Jean-Louis., Lichtenberg, Roger.

التنسيق: كتاب

اللغة: French

منشور في: Paris : Cybèle, c2010-2012.

الموضوعات:

الوسوم: إضافة وسم

لا توجد وسوم, كن أول من يضع وسما على هذه التسجيلة!

رقم الطلب: DT73 .K5 D86 v.1-2

LEADER 01155nam a22003017a 4500
003 OSt
005 20251209083112.0
008 251209m20109999fr ab g b 000 0 fre d
010 |a  2010499322 
020 |a 9782915840162 (I ; pbk.) 
020 |a 9782915840315 (II ; pbk.) 
040 |c ARCE Library 
043 |a f-ua--- 
050 1 4 |a DT73 .K5  |b D86 v.1-2 
100 1 |a Dunand, Françoise,  |e author 
245 1 3 |a El-Deir nécropoles /   |c Françoise Dunand, Jean-Louis Heim, Roger Lichtenberg ; avec la collaboration de Sophie Brones et Fleur Letellier Willemin ; et la participation de Céline Boutantin et Anne-Sophie Delmas. 
264 1 |a Paris :   |b Cybèle,   |c c2010-2012. 
300 |a volumes <1-2> :   |b illustrations (some color), maps ;  |c 30 cm. 
504 |a Includes bibliographical references. 
505 0 |a t. 1. La Nécropole sud -- t. 2. Les Nécropoles nord et nord-est. 
650 0 |a Tombs  |z Egypt  |z Kharga (Oasis) 
650 0 |a Mummies   |z Egypt   |z Kharga (Oasis). 
651 0 |a Kharga (Egypt : Oasis)  |x Antiquities. 
700 1 |a Heim, Jean-Louis. 
700 1 |a Lichtenberg, Roger. 
901 |a reviewed 
942 |c BK  |2 lcc 
999 |c 16587  |d 16587